000 00947nam a2200253 i 4500
001 181931
003 ES-MaACL
005 20250527045222.0
008 130507s2005 sp | |||| ||spa d
020 _a84-7731-424-1
080 _a821.134.2(82)-14"19"
100 1 _aDonoso Machado, Silvia.
_9152727
245 1 0 _aEntre el silencio y la voz /
_cSilvia Donoso Machado ; ilustraciones, Renata Sanguinetti ; prólogo de Jorge Urrutia.
260 _aMadrid :
_bEndymion,
_c[2005]
300 _a65 p. :
_bil. ;
_c20 cm.
490 1 _aPoesía ;
_v309
700 1 _aSanguinetti, Renata.
_9152728
700 1 _aUrrutia, Jorge,
_d1945-
_9112247
830 1 _aPoesía ;
_v309
_9177794
852 _aES-MaACL
_jA-12622
_9188839
_bR.148871
_cDEPO1
_dOlim: N-5624
_xDonación: Silvia Donoso Machado
_zDedicatoria autógrafa de la autora
903 _9152727
_aDonoso Machado, Silvia
_ednr
942 _2udc
_cMONOGRAFIA
999 _c181931
_d181931